000 01144cam a2200337 a 4500
001 12582556
003 OSt
005 20140310181636.0
008 011106s2002 nyu b 001 0 eng
010 _a 2001055143
020 _a1889334472 (alk. paper)
020 _a1889334480 (pbk. : alk. paper)
040 _aDLC
_cDLC
_dDLC
041 1 _aeng
_hspa
050 0 0 _aBX 1756
_b.Es74
082 0 0 _aTR 291.43
_bE19 1981
100 1 _aEscrivá de Balaguer, Josemaría,
_cSaint,
_d1902-1975.
_910791
240 1 0 _aAmigos de Dios./
_lEnglish.
245 1 0 _aFriends of God /
_cJosemaría Escrivá.
260 _aPhilippines :
_bSinag-tala Publishers,Inc,
_c1981.
300 _a334 p. ;
_c23 cm.
520 _a1. Worship
521 _aFaculty
541 _j1
562 _eFor circulation. 1 copy in the collection
610 2 0 _aCatholic Church
_vSermons.
_910792
650 0 _aSermons, Spanish.
_910793
906 _a7
_bcbc
_corignew
_d1
_eocip
_f20
_gy-gencatlg
942 _2lcc
_cBK-TR
_kTR
999 _c690
_d690